00382nam a22001457a 4500003000400000005001700004008004100021020001800062040001000080050002300090100001300113245005000126260002100176500003900197OSt20260408061226.0260408b |||||||| |||| 00| 0 eng d a0-8264-5387-2 cIPSTC aHD 58.7b.C65 1995 aG.A COLE aOrganisational BehaviourbTheory and Practice bThomson Learning aincludes bibliographical and index